Semi-martingales sur des varietes et martingales conformes sur des varietes analytiques complexes
Αποθηκεύτηκε σε:
| Κύριος συγγραφέας: | |
|---|---|
| Μορφή: | Βιβλίο |
| Γλώσσα: | French |
| Δημοσίευση: |
Berlin : New York :
Springer-Verlag,
1980
|
| Σειρά: | Lecture notes in mathematics (Springer-Verlag)
; 780 |
| Θέματα: | |
| Ετικέτες: |
Προσθήκη ετικέτας
Δεν υπάρχουν, Καταχωρήστε ετικέτα πρώτοι!
|
MARC
| LEADER | 00000nam a2200000 i 4500 | ||
|---|---|---|---|
| 001 | 1/60027 | ||
| 008 | 941103s1980 fre d | ||
| 020 | |a 354009749X | ||
| 035 | |l 10046179 | ||
| 035 | |a 1993 | ||
| 040 | |a GR-MY-UA |b gre |e aacr | ||
| 041 | 0 | |a fre | |
| 082 | 0 | |a 519.287 |2 (19) | |
| 100 | 1 | |a Schwartz, Laurent. | |
| 245 | 1 | 0 | |a Semi-martingales sur des varietes et martingales conformes sur des varietes analytiques complexes / |c Laurent Schwartz |
| 260 | |a Berlin : |a New York : |b Springer-Verlag, |c 1980 | ||
| 300 | |a xv, 132 p.; |c 25 cm | ||
| 490 | 1 | |a Lecture notes in mathematics (Springer-Verlag) |v ; 780 | |
| 500 | |a Includes index | ||
| 504 | |a Bibliography: p. [127]-129 | ||
| 650 | 0 | 0 | |a Martingales (Mathematics) |
| 650 | 0 | 0 | |a Analytic spaces. |
| 830 | 0 | |a Lecture notes in mathematics (Springer-Verlag) |v ; 780 | |
| 852 | |a INST |b SAMOS |e 19941103 |h 519.287 SCH |p 005300008271 |q 005300008271 |t BK |y 0 | ||
| 909 | |a Σ |b 028839 | ||